Statistics for Greco-Roman Gods

Click here to take the quiz!

General Stats

  • This quiz has been taken 183 times
    (153 since last reset)
  • The average score is 12 of 15

Answer Stats

HintAnswer% Correct
King of the Gods and god of the heavensZeus
97%
God of the seas, lightning, and horsesPoseidon
95%
Queen of the Gods and goddess of marriage and fidelityHera
93%
God of the UnderworldHades
93%
God of warAres
90%
Goddess of wisdom and rational warAthena
89%
God of light, music, and the huntApollo
88%
Goddess of love and beautyAphrodite
84%
Messenger to the gods and god of thieves and medicineHermes
83%
Goddess of the moon and the huntArtemis
78%
Goddess of the UnderworldPersephone
77%
God of the sunHelios
68%
God of fire and the forgeHephaestus
63%
Goddess of the hearthHestia
60%
Goddess of the seasAmphitrite
22%

Score Distribution

Percentile by Number Answered

Percent of People with Each Score

Your Score History

You have not taken this quiz since the last reset